000 00633nam a2200301Ia 4500
005 20260401122057.0
008 008 250103s9999 xx 000 0 eng d
020 _a140187006
037 _aTB
040 _aEDL
040 _beng
040 _cEDL
041 _2eng
041 _aeng
084 _a894.8113 NAR
084 _qEDL
100 _aNarayan, R.K.
245 4 _aThe Ramayana
245 0 _cNarayan, R.K.
260 _aNew Delhi
260 _bPenguin Books
260 _c1972
300 _a171p
942 _cTB
942 _h894.8113 NAR
999 _c1844760
_d1844760